[Event "Rilton Cup 52nd"]
[Site "Stockholm"]
[Date "2025.01.04"]
[Round "8"]
[White "Kliashtornyi, Arkadii"]
[Black "Tulchynskyi, Feliks"]
[Result "1/2-1/2"]
[WhiteElo "2132"]
[BlackElo "2325"]
[PlyCount "107"]
[EventDate "2024.12.27"]
[EventType "swiss"]
[EventRounds "9"]
[EventCountry "SWE"]
[SourceTitle "CB02_2025"]
[SourceDate "2025.01.08"]
[SourceVersion "1"]
[SourceVersionDate "2025.01.08"]
[SourceQuality "1"]

1. d4 Nf6 2. c4 e6 3. Nf3 d5 4. Qc2 Be7 5. g3 0-0 6. Bg2 Nbd7 7. 0-0 a5 8. Nbd2 c5 9. cxd5 Nxd5 10. a3 b6 11. dxc5 Nxc5 12. e4 Nf6 13. Rd1 Bb7 14. e5 Nd5 15. Ne4 Rc8 16. Nxc5 Rxc5 17. Qe4 h5 18. h4 Qc8 19. Ng5 g6 20. Be3 Rc7 21. Rdc1 Nc3 22. Qc2 Bxg2 23. Kxg2 Qb7+ 24. Kg1 Nd5 25. Qe4 Bxg5 26. Bxg5 Rfc8 27. Rxc7 Qxc7 28. Rc1 Qd7 29. Rxc8+ Qxc8 30. Qe2 Kg7 31. Kg2 Qc6 32. Qf3 a4 33. Qe4 b5 34. Kg1 Qc5 35. Bd2 Qc7 36. Qd3 Qc6 37. Bc3 Kf8 38. Kf1 Ke8 39. Qd4 Nb6 40. Ba5 Qc4+ 41. Qxc4 Nxc4 42. Bc3 Kd7 43. Ke2 Kc6 44. Kf3 Nb6 45. Ke4 Nd7 46. Bb4 Nc5+ 47. Bxc5 Kxc5 48. Kd3 Kd5 49. f4 Kc5 50. Kc3 b4+ 51. Kd3 bxa3 52. bxa3 Kd5 53. Kc3 Kc5 54. Kd3 1/2-1/2

[Event "Rilton Cup 52nd"]
[Site "Stockholm"]
[Date "2024.12.30"]
[Round "4"]
[White "Kliashtornyi, Arkadii"]
[Black "Wartiovaara, Oliver"]
[Result "0-1"]
[WhiteElo "2132"]
[BlackElo "2340"]
[PlyCount "104"]
[EventDate "2024.12.27"]
[EventType "swiss"]
[EventRounds "9"]
[EventCountry "SWE"]
[SourceTitle "CB02_2025"]
[SourceDate "2025.01.08"]
[SourceVersion "1"]
[SourceVersionDate "2025.01.08"]
[SourceQuality "1"]

1. d4 Nf6 2. g3 c5 3. d5 d6 4. Nc3 g6 5. Bg2 Bg7 6. e4 0-0 7. Nf3 b5 8. Nd2 b4 9. Ne2 a5 10. c4 bxc3 11. Nxc3 Ba6 12. Bf1 Bxf1 13. Kxf1 e6 14. Kg2 exd5 15. exd5 Re8 16. Re1 Rxe1 17. Qxe1 Nbd7 18. Nde4 Nxe4 19. Qxe4 Qb6 20. a4 Nf6 21. Qf3 Re8 22. Nb5 Re1 23. Qc3 Rd1 24. Qf3 Re1 25. Qc3 Re5 26. Bd2 Nxd5 27. Qxa5 Qc6 28. Kg1 Re8 29. Na7 Qa8 30. Nb5 Bxb2 31. Qxa8 Rxa8 32. Ra2 Be5 33. f4 Bg7 34. Nxd6 Nb4 35. Bxb4 cxb4 36. Nc4 b3 37. Rd2 Rc8 38. Na3 b2 39. Rd1 Rc1 40. Rf1 Bd4+ 41. Kg2 f5 42. Nb1 Kf7 43. a5 Ke6 44. a6 Kd5 45. Na3 Ke6 46. h3 h5 47. g4 hxg4 48. hxg4 fxg4 49. Rh1 Kf6 50. Rh6 Rg1+ 51. Kh2 g3+ 52. Kh3 Rh1+ 0-1

[Event "Rilton Cup 52nd"]
[Site "Stockholm"]
[Date "2024.12.28"]
[Round "2"]
[White "Kliashtornyi, Arkadii"]
[Black "Kulaots, Kaido"]
[Result "0-1"]
[WhiteElo "2132"]
[BlackElo "2521"]
[PlyCount "70"]
[EventDate "2024.12.27"]
[EventType "swiss"]
[EventRounds "9"]
[EventCountry "SWE"]
[SourceTitle "CB02_2025"]
[SourceDate "2025.01.08"]
[SourceVersion "1"]
[SourceVersionDate "2025.01.08"]
[SourceQuality "1"]

1. d4 Nf6 2. g3 g6 3. Bg2 Bg7 4. e4 d6 5. Nc3 0-0 6. Nge2 e5 7. 0-0 c6 8. a4 a5 9. h3 Na6 10. Be3 Nb4 11. g4 h5 12. f3 hxg4 13. hxg4 Be6 14. Rc1 Qe7 15. Ng3 Nh7 16. dxe5 dxe5 17. Qd2 Bf6 18. Qf2 Bg5 19. Bc5 Qf6 20. Bxf8 Nxf8 21. Rcd1 Bc4 22. Rfe1 Ne6 23. Bf1 Bxf1 24. Rxf1 Nf4 25. Qc5 Nxc2 26. Qd6 Qh8 27. Nce2 Nh3+ 28. Kh2 Ne3 29. Rb1 Rd8 30. Qc7 Nxf1+ 31. Rxf1 Nf4+ 32. Kg1 Nxe2+ 33. Nxe2 Qh3 34. Qb6 Rd3 35. f4 Qxg4+ 0-1

[Event "Rilton Cup 52nd"]
[Site "Stockholm"]
[Date "2024.12.27"]
[Round "1"]
[White "Bagwe, Gaurang"]
[Black "Kliashtornyi, Arkadii"]
[Result "0-1"]
[WhiteElo "2302"]
[BlackElo "2132"]
[PlyCount "104"]
[EventDate "2024.12.27"]
[EventType "swiss"]
[EventRounds "9"]
[EventCountry "SWE"]
[SourceTitle "CB02_2025"]
[SourceDate "2025.01.08"]
[SourceVersion "1"]
[SourceVersionDate "2025.01.08"]
[SourceQuality "1"]

1. e4 c6 2. d4 d5 3. Nd2 dxe4 4. Nxe4 Nf6 5. Nxf6+ exf6 6. c3 Bd6 7. Bd3 0-0 8. Qc2 Re8+ 9. Ne2 h5 10. Be3 Nd7 11. 0-0-0 Nf8 12. c4 Be6 13. Nc3 Rc8 14. Kb1 a6 15. h3 Bb4 16. g4 h4 17. g5 Bxc3 18. gxf6 Qxf6 19. bxc3 b5 20. c5 Bd5 21. Rhg1 Ne6 22. Bf5 Rb8 23. f3 b4 24. c4 Bxf3 25. Rdf1 Nxd4 26. Bg5 Qe5 27. Bh7+ Kh8 28. Qf2 Kxh7 29. Qxh4+ Kg8 30. Bf6 Qe4+ 31. Qxe4 Bxe4+ 32. Ka1 Ne6 33. h4 Bg6 34. Bb2 a5 35. Rf3 a4 36. Rfg3 Nf4 37. h5 Ne2 38. hxg6 Nxg3 39. a3 bxa3 40. gxf7+ Kxf7 41. Bc1 Nf5 42. Rf1 g6 43. Bg5 Re2 44. Rh1 a2 45. Rh7+ Ke6 46. Bd2 Nd4 47. Rh3 Nb3+ 48. Kxa2 Rxd2+ 49. Kb1 Nd4+ 50. Ka1 Rf8 51. Re3+ Kd7 52. Re1 Nc2+ 0-1

[Event "GER-ch U25 op-A"]
[Site "Willingen"]
[Date "2024.05.24"]
[Round "8"]
[White "Bilenko, Yaroslav"]
[Black "Kliashtornyi, Arkadii"]
[Result "0-1"]
[WhiteElo "2136"]
[BlackElo "1968"]
[PlyCount "96"]
[EventDate "2024.05.19"]
[EventType "swiss"]
[EventRounds "9"]
[EventCountry "GER"]
[SourceTitle "EXT 2025"]
[Source "ChessBase"]
[SourceDate "2024.10.14"]
[SourceVersion "1"]
[SourceVersionDate "2024.10.14"]
[SourceQuality "1"]

1. e4 c6 2. d4 d5 3. e5 Bf5 4. Nf3 e6 5. Be2 Be7 6. 0-0 h5 7. a4 Nh6 8. Nbd2 Nd7 9. Nb3 g5 10. Ne1 Qc7 11. Nd3 0-0-0 12. Bd2 f6 13. exf6 Bxf6 14. f4 Rdg8 15. Qc1 Bg4 16. Bxg4 hxg4 17. fxg5 Nf5 18. Bf4 Bxg5 19. Bxc7 Bxc1 20. Raxc1 Kxc7 21. Rce1 Rh6 22. Nf4 Kd6 23. c3 b6 24. Re2 Rgh8 25. g3 e5 26. Nd3 Nxg3 27. dxe5+ Nxe5 28. Rxe5 Nxf1 29. Kxf1 Rh3 30. Nbc1 g3 31. hxg3 Rh1+ 32. Kg2 Rxc1 33. Rg5 Rc2+ 34. Kf3 Rf8+ 35. Ke3 Re8+ 36. Kf3 Rd2 37. Nf4 Rxb2 38. Rg7 Re7 39. Rg6+ Kd7 40. g4 Rc2 41. Nh5 Rxc3+ 42. Kf4 Rc4+ 43. Kf5 d4 44. Nf6+ Kc7 45. Rg8 d3 46. Ne8+ Rxe8 47. Rxe8 d2 48. Re7+ Kd8 0-1

[Event "GER-ch U25 op-A"]
[Site "Willingen"]
[Date "2024.05.22"]
[Round "6"]
[White "Bock, Marlon"]
[Black "Kliashtornyi, Arkadii"]
[Result "1/2-1/2"]
[WhiteElo "2049"]
[BlackElo "1968"]
[PlyCount "62"]
[EventDate "2024.05.19"]
[EventType "swiss"]
[EventRounds "9"]
[EventCountry "GER"]
[SourceTitle "EXT 2025"]
[Source "ChessBase"]
[SourceDate "2024.10.14"]
[SourceVersion "1"]
[SourceVersionDate "2024.10.14"]
[SourceQuality "1"]

1. d4 d5 2. c4 e6 3. Nc3 Nf6 4. cxd5 exd5 5. Bg5 c6 6. e3 h6 7. Bh4 Be7 8. Bd3 0-0 9. Qc2 Re8 10. Nge2 Nbd7 11. 0-0 a5 12. a4 Nb8 13. Rac1 Na6 14. Na2 Ne4 15. Bxe7 Qxe7 16. Rce1 Nd6 17. Ng3 Qf6 18. f3 Bd7 19. Qc3 c5 20. dxc5 Qxc3 21. Nxc3 Nxc5 22. Bc2 Bc6 23. Kf2 Nc4 24. b3 Nd2 25. Rg1 Ndxb3 26. Rb1 Nd2 27. Rbd1 Nc4 28. Nxd5 Rad8 29. Ne7+ Kf8 30. Nxc6 bxc6 31. Ne4 Nxe4+ 1/2-1/2

[Event "Groningen Combinatie op"]
[Site "Groningen"]
[Date "2024.05.11"]
[Round "5"]
[White "Kliashtornyi, Arkadii"]
[Black "Van Den Berg, Jeroen1"]
[Result "1/2-1/2"]
[WhiteElo "1967"]
[BlackElo "1983"]
[PlyCount "132"]
[EventDate "2024.05.09"]
[EventType "swiss"]
[EventRounds "7"]
[EventCountry "NED"]
[SourceTitle "CBM 220 Extra"]
[Source "ChessBase"]
[SourceDate "2024.07.31"]
[SourceVersion "1"]
[SourceVersionDate "2024.07.31"]
[SourceQuality "1"]

1. d4 Nf6 2. g3 g6 3. Bg2 Bg7 4. e4 d6 5. Nc3 0-0 6. Nge2 Na6 7. 0-0 c5 8. h3 cxd4 9. Nxd4 Nc5 10. Be3 Bd7 11. f4 Rb8 12. a4 Qa5 13. g4 a6 14. g5 Nh5 15. f5 Ng3 16. f6 Nxf1 17. Qxf1 exf6 18. gxf6 Bc6 19. fxg7 Kxg7 20. Qc1 Rfe8 21. Bh6+ Kg8 22. Qf4 Ne6 23. Nxe6 Rxe6 24. Rf1 f5 25. exf5 gxf5 26. Qc4 Qc5+ 27. Qxc5 dxc5 28. Bf4 Rg6 29. Rf2 Rd8 30. Kf1 Bxg2+ 31. Rxg2 Rd4 32. Be3 Rxg2 33. Kxg2 Rc4 34. Bd2 Rd4 35. Bc1 Rc4 36. Bd2 Rd4 37. Be3 Rc4 38. Kf3 b5 39. axb5 axb5 40. Nxb5 Rxc2 41. Nd6 Rxb2 42. Bxc5 Rc2 43. Be3 Kg7 44. Nxf5+ Kf6 45. Nd4 Ra2 46. Kg4 Kg6 47. Nc6 Rg2+ 48. Kf3 Rh2 49. Kg3 Rc2 50. Ne5+ Kf5 51. Ng4 Rc3 52. Kh4 Kg6 53. Bd4 Ra3 54. Bf2 Ra4 55. Kg3 Ra3+ 56. Ne3 Rb3 57. h4 Ra3 58. Kf4 Ra4+ 59. Ke5 Ra5+ 60. Nd5 Kh5 61. Ke6 Ra2 62. Nf6+ Kg6 63. h5+ Kg7 64. Bd4 Ra6+ 65. Kf5 Rxf6+ 66. Bxf6+ Kh6 1/2-1/2

[Event "World-chT Rapid"]
[Site "Duesseldorf"]
[Date "2023.08.28"]
[Round "11"]
[White "Kliashtornyi, Arkadii"]
[Black "Gaab, Wolfgang"]
[Result "1-0"]
[WhiteElo "1975"]
[BlackElo "2060"]
[PlyCount "77"]
[EventDate "2023.08.26"]
[EventType "team-swiss (rapid)"]
[EventRounds "12"]
[EventCountry "GER"]
[SourceTitle "CBM 215 Extra"]
[Source "ChessBase"]
[SourceDate "2023.09.30"]
[SourceVersion "1"]
[SourceVersionDate "2023.09.30"]
[SourceQuality "1"]
[WhiteTeam "Chess Wizzards"]
[BlackTeam "Neustadt Weinstrasse"]
[WhiteTeamCountry "UKR"]
[BlackTeamCountry "GER"]

1. d4 Nf6 2. g3 d6 3. Bg2 Nc6 4. e4 e5 5. d5 Ne7 6. c4 g6 7. Ne2 Bg7 8. 0-0 0-0 9. Nbc3 Ne8 10. b4 a5 11. bxa5 Rxa5 12. Bd2 f5 13. Qb3 Ra8 14. c5 Kh8 15. Be3 h6 16. Rad1 g5 17. f4 fxe4 18. fxg5 Nf5 19. Nxe4 Nxe3 20. Qxe3 hxg5 21. Nxg5 Nf6 22. Qd3 e4 23. Bxe4 Nxe4 24. Rxf8+ Bxf8 25. Nf7+ Kg7 26. Nxd8 Bf5 27. Ne6+ Kf6 28. Qd4+ Ke7 29. cxd6+ Nxd6 30. Qh4+ Kd7 31. Nc5+ Ke8 32. Nd4 Bg7 33. Re1+ Kf7 34. Qe7+ Kg6 35. Nxf5 Nxf5 36. Qe6+ Kg5 37. Ne4+ Kg4 38. Qg6+ Kf3 39. Qh5# 1-0

[Event "World-chT Rapid"]
[Site "Duesseldorf"]
[Date "2023.08.28"]
[Round "12"]
[White "Kliashtornyi, Arkadii"]
[Black "Katz, Roland"]
[Result "1/2-1/2"]
[WhiteElo "1975"]
[BlackElo "2035"]
[PlyCount "83"]
[EventDate "2023.08.26"]
[EventType "team-swiss (rapid)"]
[EventRounds "12"]
[EventCountry "GER"]
[SourceTitle "CBM 215 Extra"]
[Source "ChessBase"]
[SourceDate "2023.09.30"]
[SourceVersion "1"]
[SourceVersionDate "2023.09.30"]
[SourceQuality "1"]
[WhiteTeam "Chess Wizzards"]
[BlackTeam "Magdeburg and Friends"]
[WhiteTeamCountry "UKR"]
[BlackTeamCountry "GER"]

1. d4 c6 2. g3 d5 3. Nf3 Nf6 4. Bg2 Bg4 5. 0-0 e6 6. h3 Bh5 7. c4 Bd6 8. Nc3 0-0 9. Qb3 Qb6 10. g4 Bg6 11. c5 Qxb3 12. axb3 Bc7 13. b4 Ne4 14. Nh4 Nxc3 15. bxc3 Nd7 16. Nxg6 hxg6 17. f4 f6 18. e4 dxe4 19. Bxe4 f5 20. Bd3 fxg4 21. hxg4 Nf6 22. Bxg6 Nxg4 23. Bd2 Rf6 24. Bd3 Nh6 25. Bc4 Kf7 26. Rf2 a6 27. Re1 Nf5 28. Rfe2 Re8 29. Rg2 Nh4 30. Rf2 g6 31. Kf1 Nf5 32. Ke2 Ne7 33. Kd3 Nd5 34. Bxd5 exd5 35. Rh1 Rg8 36. Rh7+ Rg7 37. Rh8 Ke7 38. Rh3 Rgf7 39. Re2+ Kd7 40. Rg3 Rg7 41. Rg4 Rgf7 42. Reg2 1/2-1/2

[Event "World-chT Rapid"]
[Site "Duesseldorf"]
[Date "2023.08.26"]
[Round "2.8"]
[White "Kliashtornyi, Arkadii"]
[Black "Kollars, Dmitrij"]
[Result "0-1"]
[WhiteElo "1975"]
[BlackElo "2628"]
[PlyCount "72"]
[EventDate "2023.08.26"]
[EventType "team-swiss (rapid)"]
[EventRounds "12"]
[EventCountry "GER"]
[SourceTitle "CBM 215 Extra"]
[Source "ChessBase"]
[SourceDate "2023.09.30"]
[SourceVersion "1"]
[SourceVersionDate "2023.09.30"]
[SourceQuality "1"]
[WhiteTeam "Chess Wizzards"]
[BlackTeam "Germany and Friends"]
[WhiteTeamCountry "UKR"]
[BlackTeamCountry "GER"]

1. d4 Nf6 2. g3 e6 3. Bg2 c5 4. Nf3 cxd4 5. Nxd4 d5 6. 0-0 e5 7. Nb3 Be7 8. Nc3 Be6 9. Bg5 Nbd7 10. e3 0-0 11. Qe2 h6 12. Bxf6 Nxf6 13. Rfd1 Rc8 14. Qb5 Rxc3 15. bxc3 Qc7 16. Qd3 Rc8 17. a4 g6 18. Rd2 a6 19. Rad1 Bg4 20. f3 Be6 21. e4 dxe4 22. fxe4 Kg7 23. h3 h5 24. Kh2 h4 25. g4 Nh7 26. c4 Bg5 27. Rf2 Rd8 28. Qe2 Bxc4 29. Qe1 Bf4+ 30. Kh1 Bg3 31. Rxd8 Qxd8 32. Rd2 Qg5 33. Qd1 Qe3 34. Qg1 Qf4 35. Rd7 Nf6 36. Rd2 Bxb3 0-1

[Event "Cattolica Vergani Cup"]
[Site "Cattolica"]
[Date "2021.12.30"]
[Round "8"]
[White "Bruno, Eleonora"]
[Black "Kliashtornyi, Arkadii"]
[Result "0-1"]
[WhiteElo "1753"]
[BlackElo "1672"]
[PlyCount "84"]
[EventDate "2021.12.26"]
[EventType "swiss"]
[EventRounds "9"]
[EventCountry "ITA"]
[SourceTitle "EXT 2023"]
[Source "ChessBase"]
[SourceDate "2022.10.05"]
[SourceVersion "1"]
[SourceVersionDate "2022.10.05"]
[SourceQuality "1"]

1. e4 e6 2. d4 d5 3. e5 c5 4. c3 Qb6 5. Nf3 Bd7 6. Be2 Bb5 7. 0-0 Bxe2 8. Qxe2 Qa6 9. Re1 Qxe2 10. Rxe2 Nd7 11. Bd2 Ne7 12. Na3 a6 13. Nc2 Nc6 14. Nfe1 Rc8 15. f4 Be7 16. Be3 0-0 17. Bf2 Rc7 18. Nf3 cxd4 19. cxd4 Rfc8 20. Nce1 Nb4 21. a3 Nc2 22. Rd1 Nxe1 23. Bxe1 Nb6 24. Rdd2 Nc4 25. Rd3 b5 26. Rb3 Nb6 27. Rc3 Rxc3 28. Bxc3 Bxa3 29. Ba5 Nc4 30. Rc2 Bxb2 31. Bc3 Bxc3 32. Rxc3 b4 33. Rb3 a5 34. Ne1 Nd2 35. Rb2 Rc1 36. Kf2 Ne4+ 37. Ke2 Nc3+ 38. Kf1 g6 39. Rb3 a4 40. Rxb4 a3 41. Rb8+ Kg7 42. Ra8 a2 0-1

[Event "Cattolica Vergani Cup"]
[Site "Cattolica"]
[Date "2021.12.28"]
[Round "4"]
[White "Kliashtornyi, Arkadii"]
[Black "Comellas Blanchart, Jordi"]
[Result "0-1"]
[WhiteElo "1672"]
[BlackElo "2044"]
[PlyCount "74"]
[EventDate "2021.12.26"]
[EventType "swiss"]
[EventRounds "9"]
[EventCountry "ITA"]
[SourceTitle "EXT 2023"]
[Source "ChessBase"]
[SourceDate "2022.10.05"]
[SourceVersion "1"]
[SourceVersionDate "2022.10.05"]
[SourceQuality "1"]

1. d4 d5 2. Nf3 Nf6 3. g3 Bf5 4. Bg2 e6 5. c4 c6 6. Nc3 h6 7. Qb3 Qb6 8. c5 Qxb3 9. axb3 Be7 10. b4 0-0 11. Bf4 a6 12. Bxb8 Raxb8 13. Ne5 Rfd8 14. Na4 Nd7 15. Nxd7 Rxd7 16. Nb6 Rdd8 17. 0-0 Bf6 18. Rad1 e5 19. e3 exd4 20. exd4 Re8 21. Rd2 Re7 22. Rfd1 Rbe8 23. Kf1 Bg5 24. f4 Bf6 25. h3 h5 26. Kf2 g5 27. Bxd5 gxf4 28. Bf3 fxg3+ 29. Kxg3 h4+ 30. Kh2 Re3 31. Rf2 Bg5 32. Rg1 f6 33. Bd5+ Be6 34. Rxf6 Rxh3+ 35. Kg2 Rg3+ 36. Kh2 Bxf6 37. Bxe6+ Rxe6 0-1

[Event "Cattolica Vergani Cup"]
[Site "Cattolica"]
[Date "2021.12.26"]
[Round "1"]
[White "Miotto, Alberto"]
[Black "Kliashtornyi, Arkadii"]
[Result "1-0"]
[WhiteElo "2178"]
[BlackElo "1672"]
[PlyCount "59"]
[EventDate "2021.12.26"]
[EventType "swiss"]
[EventRounds "9"]
[EventCountry "ITA"]
[SourceTitle "EXT 2023"]
[Source "ChessBase"]
[SourceDate "2022.10.05"]
[SourceVersion "1"]
[SourceVersionDate "2022.10.05"]
[SourceQuality "1"]

1. Nf3 Nf6 2. c4 g6 3. Nc3 Bg7 4. d4 0-0 5. g3 d6 6. Bg2 Nc6 7. 0-0 e5 8. d5 Ne7 9. e4 Ne8 10. Ne1 f5 11. Nd3 Nf6 12. f4 fxe4 13. Nxe4 Nxe4 14. Bxe4 Nf5 15. fxe5 dxe5 16. c5 Nd4 17. Rxf8+ Qxf8 18. Be3 Bf5 19. Bxf5 Qxf5 20. Rc1 Nf3+ 21. Kg2 Rf8 22. Nf2 e4 23. d6 cxd6 24. cxd6 Bf6 25. Qb3+ Kh8 26. Rc5 Be5 27. Qd1 Rd8 28. Rd5 Ng5 29. Rxe5 Qxe5 30. Bd4 1-0

[Event "Hannibal Online op U10"]
[Site "Chess.com INT"]
[Date "2020.06.07"]
[Round "7"]
[White "Kliashtornyi, Arkadii"]
[Black "Guretchii, Kirill"]
[Result "0-1"]
[WhiteElo "1689"]
[BlackElo "1095"]
[PlyCount "218"]
[EventDate "2020.06.01"]
[EventType "swiss"]
[EventRounds "9"]
[EventCountry "MDA"]
[SourceTitle "CBM 196 Extra"]
[Source "ChessBase"]
[SourceDate "2020.07.31"]
[SourceVersion "1"]
[SourceVersionDate "2020.07.31"]
[SourceQuality "1"]

1. d4 Nf6 2. g3 e6 3. Bg2 d5 4. Nf3 c5 5. c4 cxd4 6. 0-0 Bc5 7. cxd5 exd5 8. Nxd4 Nc6 9. Nb3 Be7 10. Nc3 Be6 11. Bg5 0-0 12. Qd2 h6 13. Bxf6 Bxf6 14. Rfd1 Bxc3 15. Qxc3 Qe7 16. e3 Rfd8 17. Nd4 Rac8 18. Nxc6 bxc6 19. Rac1 Rb8 20. b3 Qa3 21. Rc2 Rdc8 22. Qc5 Qa6 23. Bf1 Qb6 24. Qxb6 axb6 25. a4 d4 26. Rxd4 Bxb3 27. Rb2 Be6 28. Ba6 Rc7 29. Rdb4 b5 30. axb5 Rb6 31. Kg2 cxb5 32. Bxb5 Rcb7 33. Kf3 Bd7 34. Bxd7 Rxb4 35. Rxb4 Rxb4 36. Ke2 Kf8 37. Bf5 Ke7 38. Kf3 g6 39. Bd3 Ke6 40. Bc2 Ke5 41. Bd3 g5 42. Bc2 g4+ 43. Ke2 Rb2 44. Kd2 f5 45. Kc3 Ra2 46. Kd3 Ra1 47. Ke2 Rh1 48. Bd1 Rxh2 49. Bc2 Rh1 50. Bd1 h5 51. Kd2 h4 52. gxh4 Rxh4 53. Ke2 Rh2 54. Kf1 Rh1+ 55. Ke2 Rh2 56. Kf1 Rh6 57. Kg2 Rb6 58. Kg3 Rb1 59. Bc2 Rg1+ 60. Kh2 Re1 61. Kg3 Rc1 62. Bd3 Rc3 63. Bb1 Kf6 64. Kf4 Rc1 65. Bxf5 g3 66. Kxg3 Kxf5 67. Kf3 Rc2 68. Kg3 Ke4 69. Kg2 Rc6 70. Kg1 Kf3 71. e4 Rc1+ 72. Kh2 Kxf2 73. e5 Rc3 74. e6 Rc7 75. Kh3 Re7 76. Kg4 Rxe6 77. Kf5 Re3 78. Kf4 Re8 79. Kg4 Rf8 80. Kg5 Kg3 81. Kg6 Kg4 82. Kg7 Ra8 83. Kf6 Ra5 84. Ke6 Kf4 85. Kd6 Ke4 86. Kc6 Kd4 87. Kb6 Rh5 88. Ka6 Kc4 89. Kb6 Rg5 90. Ka6 Kb4 91. Kb6 Rg6+ 92. Kc7 Kb5 93. Kd7 Kc5 94. Ke7 Kd5 95. Kf7 Ra6 96. Ke7 Rb6 97. Kf7 Ke5 98. Kg7 Kf5 99. Kh7 Kg5 100. Kg7 Rb7+ 101. Kf8 Kg6 102. Ke8 Kf6 103. Kd8 Ke6 104. Kc8 Rh7 105. Kb8 Kd6 106. Ka8 Kc6 107. Kb8 Rg7 108. Ka8 Kb6 109. Kb8 Rg8# 0-1